[Event "12th SRB-ch Men 2018"]
[Site "Novi Sad"]
[Date "2018.03.13"]
[Round "8"]
[White "Markovic, Miroslav"]
[Black "Djordjevic, Vuk"]
[Result "1/2-1/2"]
[WhiteElo "2446"]
[BlackElo "2372"]
[Annotator "TA"]
[PlyCount "144"]
[EventDate "2018.??.??"]
[EventType "tourn"]
[EventCountry "SRB"]
[SourceTitle "playchess.com"]
[Source "ChessBase"]
[SourceQuality "1"]

{[%evp 15,144,0,-5,-15,-11,-42,-29,-72,-24,-20,0,-73,-44,-48,-35,-39,0,-71,-1,-22,-17,-34,30,0,0,0,50,43,52,0,0,-9,0,-9,-9,-53,-9,-9,-9,-9,-9,-36,-9,-60,-36,-53,-33,-33,-33,-17,0,-9,-9,-41,-41,-41,-24,-35,-35,-81,-31,-46,-69,-110,0,0,249,249,221,235,216,223,168,121,121,123,90,78,92,0,0,-50,0,0,0,-33,-33,-50,0,0,0,0,0,0,0,-33,-33,-33,-33,-33,-33,-33,0,-20,0,-33,0,-33,-20,-33,-33,-126,-20,-555,-454,-582,-486,-1278,-1230,-1387,-1365,-1210,-1229,-877,0,-833,0,-844,0,-737,0]} 1. e4 e6 2. Qe2 c5 3. Nf3 Nc6 4. g3 Be7 5. Bg2 d5 6. d3 Nf6 7. O-O O-O 8. Re1 {C00: French: Unusual White 2nd moves} (8. e5 Nd7 9. c4 d4 10. Re1 Rb8 11. h4 b5 12. cxb5 Rxb5 13. Na3 Rb8 14. Nc4 Nb6 15. b3 Nxc4 16. bxc4 Rb6 17. Ng5 {1-0 (32) Carlsen,M (2837)-Ding,L (2774) Saint Louis 2017}) 8... b5 {LiveBook: 47 Games} 9. h4 b4 10. e5 {The position is equal.} Nd7 11. h5 a5 12. h6 $146 ({Predecessor:} 12. Bf4 Ba6 13. Nbd2 a4 14. b3 Bb5 15. Qe3 Re8 {0-1 (29) Monjac,M (2222)-Urkedal,F (2509) Trieste 2015}) 12... g6 13. Bf4 (13. Nbd2 $11 {remains equal.}) 13... Ba6 14. Nbd2 a4 15. Nf1 Nd4 16. Qd1 {[#]} (16. Nxd4 $11 {keeps the balance.} cxd4 17. Nd2) 16... Rc8 (16... b3 $1 $17 {[%mdl 512]} 17. cxb3 (17. axb3 axb3) 17... axb3 18. axb3 Bb5 19. Rxa8 Qxa8) 17. N1h2 Nxf3+ 18. Nxf3 Qb6 (18... a3 $15 19. bxa3 bxa3) 19. c4 bxc3 20. bxc3 c4 21. d4 Qa5 22. Qd2 (22. Qc1 $14) 22... Rb8 $11 23. Nh2 a3 $36 {[%mdl 2048] White is under pressure.} 24. Ng4 Rb2 25. Qe3 Rc8 26. Bg5 Bxg5 27. Qxg5 {And now Qe7 would win.} Qd8 $1 {[%cal Rd8g5]} 28. Qf4 Qe7 29. Bh3 (29. Qc1 $11) 29... Rcb8 30. Ne3 Bb7 31. Bg2 Ba8 32. Bf3 Rf8 33. Ng4 Bc6 {[%cal Ba8c6,Bc6a4,Ba4c2][%mdl 32]} 34. Re2 Ba4 35. Rae1 Rxe2 36. Bxe2 Rb8 37. Bf1 Bc2 {Threatens to win with ...Rb2.} 38. Nf6+ Nxf6 39. exf6 Qb7 (39... Qd8 $1 $17 {...Bf5 is the strong threat.} 40. Bh3 Rb7) 40. Qd6 Qa7 $2 (40... Ra8 $11) 41. Bh3 $1 $18 Be4 42. f3 Bf5 ({Much worse is} 42... Bxf3 $6 43. Bxe6 $1 {[%mdl 512]} Rf8 44. Re3 $16 (44. Bxd5 Bxd5 45. Qxd5 Qb8 $16)) 43. Bxf5 gxf5 {[%mdl 4096] Endgame KQR-KQR} 44. Kf2 Rb2+ 45. Re2 $1 {[%cal Rd6d8]} Rb8 46. g4 $1 {[%cal Rg4f5]} fxg4 47. Re5 ({Don't play} 47. fxg4 $6 Qb6 $11) (47. f4 $1 $16) 47... Qb7 $11 48. Re2 Qb1 (48... Kh8 $5 {[%cal Rg4f3]} 49. fxg4 Qb1 $17) 49. fxg4 Kh8 50. Qf4 (50. Qc7 $5 {[%cal Rc7f7]} Rg8 51. Rxe6 $1 {[%mdl 512]} (51. Qxf7 $2 Rxg4 52. Qe8+ Rg8 $19) 51... fxe6 52. f7 Qc2+ 53. Kf1 Qd3+ 54. Kf2 Qd2+ 55. Kf1 $11) 50... Rg8 51. Kg3 Qg1+ 52. Kh3 Qh1+ 53. Kg3 Qg1+ 54. Kh3 Qa1 55. Rc2 Qd1 56. Rg2 $1 Qh1+ 57. Rh2 Qe1 58. Rc2 $1 Qh1+ 59. Rh2 Qe1 (59... Qb1 {seems wilder.} 60. Rg2 Qd3+ 61. Qg3 Rg6 62. g5 Qf1) 60. Rc2 $1 Qb1 61. Rg2 Rg6 {Strongly threatening ...Qd3+.} 62. g5 Rg8 63. Kh2 {[#]} (63. Qg3 $15) 63... Qe1 (63... Qb8 $1 $17 {[%cal Rb8f4]} 64. Qxb8 Rxb8) 64. g6 $2 {[%mdl 8192]} (64. Rg1 $11 {and White has nothing to worry.} Qe2+ 65. Rg2) 64... hxg6 $19 {[%cal Bh7g6,Bg6g5][%mdl 32]} 65. h7 Kxh7 66. Rg3 {[#]} (66. Qc7 $142 Qh4+ 67. Kg1 Qxf6 68. Rf2 Qg5+ 69. Kf1 Qc1+ 70. Ke2 Qc2+ 71. Kf1 Qd1+ 72. Kg2) 66... g5 $1 67. Rh3+ (67. Rxg5 Qe2+) 67... Kg6 68. Qf3 Qd2+ 69. Kg1 Qe1+ 70. Kh2 Qd2+ 71. Kg1 $1 Qe1+ 72. Kh2 {intending Qh5+.} Qd2+ $2 {Precision: White = 30%, Black = 42%.} (72... Rf8 $19 73. Qh5+ Kxf6 74. Qh6+ Ke7 75. Qxg5+ Kd7) 1/2-1/2

[Event "12th SRB-ch Men 2018"]
[Site "Novi Sad"]
[Date "2018.03.13"]
[Round "8"]
[White "Ratkovic, Miloje"]
[Black "Markus, Robert"]
[Result "0-1"]
[WhiteElo "2427"]
[BlackElo "2615"]
[Annotator "TA"]
[PlyCount "80"]
[EventDate "2018.??.??"]
[EventType "tourn"]
[EventCountry "SRB"]
[SourceTitle "playchess.com"]
[Source "ChessBase"]
[SourceQuality "1"]

{[%evp 9,80,0,0,-7,33,0,0,-6,37,0,0,0,31,10,50,-33,0,-11,-23,-16,0,-29,-23,-74,-52,-57,-58,-63,-54,-98,-22,-46,-61,-144,-143,-137,-107,-110,-110,-95,-95,-104,-88,-169,-170,-172,-172,-176,-164,-171,-164,-161,-168,-202,-169,-176,-169,-164,-155,-206,-207,-216,-220,-268,-267,-268,-258,-222,-217,-286,-264,-1881,-1860]} 1. d4 Nf6 2. c4 d6 3. Nc3 Nbd7 4. e4 e5 5. f4 (5. Nf3 g6 6. Be2 Bg7 7. O-O O-O 8. Be3 Qe7 9. Qc2 exd4 10. Nxd4 c6 11. Rad1 a6 12. Rfe1 Re8 13. Bg5 h6 14. Bh4 h5 15. Bf1 Bh6 16. Bg3 Ng4 17. h3 {1-0 (46) Parligras,M (2616)-Markus,R (2644) Heraklio 2017}) 5... exd4 6. Qxd4 {A53: Old Indian Defence without Nf3} c6 (6... g6 {is more complex.} 7. Nf3 Nc5 8. e5 Ne6 9. Qd3 Nd7) 7. Bd2 $146 (7. Be2 {looks sharper.} Qb6 8. Qe3 Be7 9. Nh3 O-O 10. Nf2) ({Predecessor:} 7. Be2 Nc5 8. Bf3 g6 9. Be3 Be7 10. Nge2 O-O 11. h3 Ne8 12. O-O-O Qa5 13. g4 Bf6 14. Qd2 Qb4 15. Nd4 Qxc4 16. Be2 Qb4 17. e5 {1-0 (17) Varga,Z (2541)-Tratar,M (2410) Charleville Mezieres 2000}) 7... Qb6 8. Qxb6 {The position is equal.} Nxb6 (8... axb6 {with more complications.} 9. Bd3 Nc5 10. Bc2 Be6 11. b3 b5) 9. O-O-O Ng4 {White must now prevent ...Nf2.} 10. Nh3 $1 Be7 11. Be2 O-O 12. Rde1 ({White should play} 12. f5 $14) 12... Bh4 13. g3 Bf6 14. b3 Re8 15. Bf3 Bd4 16. Bg2 (16. Re2 $11 {remains equal.}) 16... h6 17. Nd1 a5 18. Bc3 Bc5 19. a4 {[#]} Rd8 ({Better is} 19... f5 $1 $17 20. Kb2 fxe4 21. Bxe4 Rd8) 20. Re2 d5 21. exd5 (21. cxd5 $15 cxd5 22. f5) 21... cxd5 $17 22. cxd5 Bf5 {...Ba3+ is the strong threat.} 23. Kb2 Nxd5 24. Bxd5 Rxd5 25. Nhf2 Rc8 26. h3 (26. Rhe1 $17) 26... Nxf2 $19 27. Nxf2 Bxf2 28. Rxf2 Rd3 29. Rc1 Rxg3 30. h4 Rc5 $36 {[%mdl 2048] White is under strong pressure.} 31. b4 Rc4 32. Be1 Rxc1 33. Kxc1 axb4 34. Bxb4 {[%mdl 4096] Endgame KRB-KRB} (34. Rb2 $17 Re3 35. Bd2) 34... Rh3 35. Re2 Rxh4 36. Re8+ Kh7 37. Re7 Rxf4 38. Rxb7 Be4 39. Rb8 Rf2 40. Bd2 $2 {[#]} (40. a5) 40... Rf1+ {Precision: White = 32%, Black = 57%.} 0-1

[Event "12th SRB-ch Men 2018"]
[Site "Novi Sad"]
[Date "2018.03.13"]
[Round "8"]
[White "Rabrenovic, Vladan"]
[Black "Sedlak, Nikola"]
[Result "1/2-1/2"]
[WhiteElo "2371"]
[BlackElo "2600"]
[Annotator "TA"]
[PlyCount "109"]
[EventDate "2018.??.??"]
[EventType "tourn"]
[EventCountry "SRB"]
[SourceTitle "playchess.com"]
[Source "ChessBase"]
[SourceQuality "1"]

{[%evp 21,109,29,28,2,34,35,84,75,75,31,18,23,20,0,6,29,0,13,0,-135,-124,-120,-134,-258,-254,-205,-35,-33,-32,-33,-25,-29,-29,-37,-22,-52,-26,-23,-27,-22,-26,-50,-47,-54,-36,-75,-61,-49,0,0,0,-11,-12,-24,0,0,0,-19,-32,-34,-7,-8,-17,-50,-54,-79,-84,-76,-31,-31,-30,-36,-31,-49,-31,-31,-33,-45,-34,-34,-34,-38,-4,-3,-3,-3,0,0,0,-7]} 1. d4 e6 2. Nf3 f5 3. g3 Nf6 4. Bg2 d5 5. O-O Be7 6. c4 Ne4 7. Qc2 O-O 8. Nbd2 Nc6 9. a3 a5 {A92: Classical Dutch: Classical Stonewall (with ...Be7): Early deviations} 10. b3 (10. e3 Kh8 11. b3 Bd7 12. Bb2 Be8 13. Rac1 Bg6 14. Ne1 Bf7 15. Nd3 {1-0 (39) Nakamura,H (2787)-Bellin,R (2350) Gibraltar 2016}) 10... Bd7 {[%cal Bc8d7,Bd7e8,Be8h5][%mdl 32]} 11. Bb2 Be8 {LiveBook: 3 Games. White has an edge.} 12. Ne1 Bf6 $146 ({Find the theoretical novelty and annotate with similar games:} 12... a4 13. cxd5 axb3 14. Nxb3 exd5 15. Nd3 Na5 16. Nxa5 Rxa5 17. Nf4 {0-1 (49) Hopman,P (2331)-Ulybin,M (2501) Amsterdam 2017}) 13. Ndf3 Bh5 14. Rd1 Qe7 15. Ne5 (15. Nd3 {NOTEXT} a4 16. b4 dxc4 17. Qxc4 Nd6 18. Qc5) 15... Bxe5 16. dxe5 dxc4 17. Qxc4 Rad8 18. Rxd8 Rxd8 19. Bxe4 fxe4 20. Nc2 (20. Ng2 $11 {remains equal.}) 20... Rd2 $36 {[%mdl 2048] Black has strong initiative.} 21. Re1 Qd7 22. Kf1 {[#]} (22. a4 $17 {was necessary.}) 22... e3 $1 $19 {[%cal Re3f2][%mdl 512]} 23. Bc1 {[%cal Bb2c1,Bc1d2,Bd2c3][%mdl 32] [#]} (23. Nxe3 Rxb2) 23... Nxe5 $2 (23... b5 $1 $19 {[%cal Rb5c4]} 24. Qc5 {[#]} Rxe2 $1 {[%mdl 512]} 25. Nxe3 (25. Rxe2 $2 Qd1+ 26. Kg2 Qxe2 $19) 25... Qd3 26. Rxe2 Qxe2+ 27. Kg1 Bf3) 24. Qe4 $1 $15 exf2 25. Bxd2 fxe1=Q+ ({Much weaker is} 25... Qxd2 $6 26. Kxf2 Ng4+ 27. Kg1 $16) 26. Kxe1 Nc6 27. Ne3 Bg6 28. Qc4 h6 29. Bc3 Kh7 30. Ng4 Qd6 31. b4 axb4 32. axb4 Qd5 33. Qf4 Qb3 34. Qd2 Ne7 35. Qd4 {[%csl Gc3][%cal Rd4g7]} Qb1+ 36. Kf2 {[%csl Gc3][%cal Rd4g7]} Qf5+ 37. Ke1 {[%csl Gc3][%cal Rd4g7]} Qb1+ 38. Kf2 {[%csl Gc3][%cal Rd4g7]} Qf5+ 39. Ke1 {[%csl Gc3][%cal Rd4g7]} Qf8 40. Qc5 b6 41. Qxc7 Nd5 42. Qc4 Qf5 43. Bd2 Qb1+ 44. Kf2 Qh1 {Hoping for ...h5.} 45. Qc1 $1 {[%cal Rc1h1]} Qe4 46. Ne3 Qd4 47. Kf1 Nxe3+ 48. Bxe3 Qxb4 49. Qa1 Qf8+ 50. Ke1 b5 51. Qe5 Qa8 52. Bd4 {[%csl Gd4][%cal Re5g7] The position is equal.} Qb7 53. Qxe6 b4 54. Qe5 b3 55. h4 {Precision: White = 54%, Black = 57%.} 1/2-1/2

[Event "12th SRB-ch Men 2018"]
[Site "Novi Sad"]
[Date "2018.03.14"]
[Round "9"]
[White "Markus, Robert"]
[Black "Indjic, Aleksandar"]
[Result "1/2-1/2"]
[WhiteElo "2615"]
[BlackElo "2623"]
[Annotator "TA"]
[PlyCount "64"]
[EventDate "2018.??.??"]
[EventType "tourn"]
[EventCountry "SRB"]
[SourceTitle "playchess.com"]
[Source "ChessBase"]
[SourceQuality "1"]

{[%evp 17,64,16,29,13,18,0,4,0,25,0,0,-25,8,8,8,8,7,0,1,3,3,4,5,0,4,4,21,0,0,0,0,0,0,0,0,0,0,-20,0,0,0,0,0,0,0,0,0,0,0]} 1. Nf3 c5 2. c4 Nf6 3. Nc3 b6 4. e3 e6 5. d4 cxd4 6. exd4 Bb4 7. Bd3 O-O 8. O-O Bb7 9. Na4 Bd6 {LiveBook: 5 Games. E43: Nimzo-Indian: Rubinstein: 4...b6} (9... Re8 10. a3 Bf8 11. Bf4 Bxf3 12. Qxf3 Nc6 13. Be5 Rc8 14. Rfd1 d6 15. Bxf6 Qxf6 16. Qxf6 gxf6 17. Bf1 f5 18. Rab1 Bg7 {½-½ (30) Sadler,M (2685)-Howell,D (2676) London 2017}) 10. b3 $146 ({Predecessor:} 10. h3 Nc6 11. Nc3 Rc8 12. Re1 Na5 13. Ne5 Bb4 14. Bg5 Be7 15. c5 h6 16. Bxf6 Bxf6 17. cxb6 {½-½ (28) Arutinian,D (2538)-Hakobyan,A (2465) Tsaghkadzor 2017}) 10... Nc6 11. Bg5 Ne7 12. Nc3 Ng6 13. d5 (13. Bxf6 {is interesting.} Qxf6 14. Be4 Rab8 15. Bxb7 Rxb7 16. Ne4) 13... exd5 14. Bxg6 (14. Nxd5 {keeps more tension.} Bxd5 15. cxd5 Re8 16. Bf5 h6 17. Bxf6 Qxf6 18. Bxd7 Red8 19. Bc6) 14... hxg6 (14... fxg6 {feels hotter.} 15. Bxf6 Qxf6 16. Nxd5 Qf5 17. Nxb6 Bxh2+ 18. Nxh2 axb6 19. Ng4 Bc6) 15. Nxd5 {The position is equal.} Bxd5 16. Bxf6 Bxf3 17. Qxd6 Qxf6 18. Qxf6 gxf6 19. gxf3 $11 {[%mdl 4096] Endgame KRR-KRR} Rfe8 20. Rad1 Rad8 21. Rd2 d6 22. Rfd1 Re6 23. a4 Kf8 24. Rd5 Ke7 25. a5 Re5 26. axb6 axb6 27. Kg2 Rxd5 28. Rxd5 Kd7 29. h4 Re8 30. h5 Rh8 31. hxg6 fxg6 32. f4 Rh4 {Precision: White = 60%, Black = 69%.} 1/2-1/2

[Event "12th SRB-ch Men 2018"]
[Site "Novi Sad"]
[Date "2018.03.14"]
[Round "9"]
[White "Sedlak, Nikola"]
[Black "Markovic, Miroslav"]
[Result "1/2-1/2"]
[WhiteElo "2600"]
[BlackElo "2446"]
[Annotator "TA"]
[PlyCount "61"]
[EventDate "2018.??.??"]
[EventType "tourn"]
[EventCountry "SRB"]
[SourceTitle "playchess.com"]
[Source "ChessBase"]
[SourceQuality "1"]

{[%evp 12,61,14,6,12,18,13,10,7,20,9,4,16,19,32,20,34,42,65,45,76,84,88,47,38,40,49,0,51,0,0,0,0,0,94,0,0,0,0,0,196,197,192,0,0,0,0,0,0,0,0,0]} 1. d4 Nf6 2. Nf3 e6 3. Bf4 Bd6 4. Bg3 b6 5. e3 Bb7 6. Nbd2 {A46: 1 d4 Nf6 2 Nf3 e6: Torre, London and Colle Systems} Bxg3 (6... O-O 7. Bd3 h6 8. c3 Bxg3 9. hxg3 d6 10. Qe2 Nbd7 11. e4 e5 12. dxe5 dxe5 13. O-O-O {1-0 (27) Le,Q (2737)-Salgado Lopez,I (2644) Riadh 2017}) 7. hxg3 {LiveBook: 3 Games} d6 8. Bd3 Qe7 9. Qe2 e5 {And now ...e4 would win.} 10. e4 Nbd7 11. O-O-O a6 $146 ({Predecessor:} 11... O-O-O 12. Ba6 Nb8 13. Bxb7+ Kxb7 {1-0 (49) Andersen,J (2300)-Christensen,S (2197) Aarhus 1999}) 12. Kb1 g6 13. c3 h5 14. Ng5 b5 15. Nb3 c5 {aiming for ...c4.} 16. Na5 Rb8 17. f4 ({Of course not} 17. Nxb7 $6 Rxb7 18. dxc5 Nxc5 $11) 17... O-O 18. d5 c4 19. Bc2 Rfc8 (19... Ba8 $11) 20. f5 ({White should play} 20. Qd2 $1 $14) 20... Qd8 $1 $11 {[%cal Rd8a5]} 21. fxg6 fxg6 22. Ne6 (22. Nxb7 $11 Rxb7 23. Ne6) 22... Qxa5 $16 23. Qd2 (23. Rdf1 $16) 23... Kf7 $1 $11 24. Qh6 {Intending Qg7+ and mate.} Rg8 {Strongly threatening ...b4.} 25. Rdf1 Ke7 $2 {[#]} (25... b4 $1 $11 26. cxb4 Qxb4 27. Qh7+ (27. a3 Qa5 $11) 27... Ke8 28. Rxf6 Nxf6 29. Nc7+ Kf8 30. Ne6+ Ke8 31. Nc7+ Kf8 32. Ne6+ Ke8) 26. g4 $1 $18 {[%cal Rg4g5][%mdl 512]} hxg4 {[#] next ...b4 is good for Black.} (26... Nxg4 27. Qh7+) 27. Qh7+ $3 {[%mdl 512]} Ke8 $1 $11 {The position is equal.} (27... Nxh7 $2 {loses.} 28. Rxh7+ Ke8 29. Rff7 $18) 28. Ng7+ Kd8 29. Ne6+ Ke8 30. Ng7+ Kd8 31. Ne6+ {Precision: White = 71%, Black = 53%.} 1/2-1/2

[Event "12th SRB-ch Men 2018"]
[Site "Novi Sad"]
[Date "2018.03.14"]
[Round "9"]
[White "Perunovic, Milos"]
[Black "Ratkovic, Miloje"]
[Result "1-0"]
[WhiteElo "2597"]
[BlackElo "2427"]
[Annotator "TA"]
[PlyCount "47"]
[EventDate "2018.??.??"]
[EventType "tourn"]
[EventCountry "SRB"]
[SourceTitle "playchess.com"]
[Source "ChessBase"]
[SourceQuality "1"]

{[%evp 19,47,22,29,17,18,24,56,59,126,111,210,173,476,400,417,372,808,822,1506,1481,1498,1497,1352,1327,3056,3009,3041,3004,2817,2712]} 1. e4 c6 2. d4 d5 3. e5 Bf5 4. h4 h5 5. c4 dxc4 6. Bxc4 e6 7. Nc3 Nd7 8. Nge2 Nb6 9. Bd3 {B12: Caro-Kann: Advance Variation} Bxd3 10. Qxd3 Qd7 {LiveBook: 5 Games} 11. Bg5 {White has an edge.} f6 12. Bf4 O-O-O $146 ({Predecessor:} 12... Ne7 13. O-O Ned5 14. Ne4 Qf7 15. exf6 gxf6 16. Nd6+ Bxd6 17. Bxd6 {0-1 (65) Ekstroem,R (2420)-Speelman,J (2605) London 1993}) 13. O-O f5 ({Black should try} 13... Ne7 $14) 14. a4 $16 {[%cal Ba2a4,Ba4a5,Ba5a6][%mdl 32]} Be7 (14... Kb8 $16 {keeps fighting.}) 15. a5 $18 Na8 $2 {[#]} (15... Nd5 {is tougher.} 16. Nxd5 cxd5) 16. a6 b6 17. d5 exd5 $2 (17... Kb8 18. d6 Bxh4) 18. e6 {White is clearly winning.} Qe8 {[#]} 19. Nb5 $1 {[%mdl 512]} cxb5 20. Rac1+ Bc5 21. b4 {[%cal Bb2b4,Bb4c5,Bc5b6][%mdl 32]} Nc7 22. bxc5 Nxe6 23. cxb6+ Kd7 24. Qxf5 {Precision: White = 83%, Black = 29%.} 1-0

[Event "12th SRB-ch Men 2018"]
[Site "Novi Sad"]
[Date "2018.03.14"]
[Round "9"]
[White "Savic, Miodrag R"]
[Black "Rabrenovic, Vladan"]
[Result "1-0"]
[WhiteElo "2535"]
[BlackElo "2371"]
[Annotator "TA"]
[PlyCount "83"]
[EventDate "2018.??.??"]
[EventType "tourn"]
[EventCountry "SRB"]
[SourceTitle "playchess.com"]
[Source "ChessBase"]
[SourceQuality "1"]

{[%evp 17,83,19,17,14,0,0,0,0,0,-11,0,-2,0,0,-2,-38,-2,-14,21,-27,-17,-33,-33,-68,-71,-83,-68,-91,-87,-124,-91,-57,-62,-106,-102,-123,-120,-120,-63,-141,-7,-44,-43,-175,-177,-157,193,189,201,197,210,220,208,208,189,190,215,216,219,211,641,621,649,666,591,625,630,623]} 1. e4 d6 2. Bc4 Nf6 3. d3 e5 4. Nf3 Be7 5. c3 h6 6. O-O {C41: Philidor Defence} O-O 7. Re1 c6 (7... c5 8. Nbd2 Nc6 9. a3 Rb8 10. Nf1 b5 11. Ba2 Re8 12. h3 Bf8 13. N3h2 Be6 {1-0 (51) Petrov,M (2465)-Delchev,A (2595) Montana 2017}) 8. Bb3 Re8 9. Nbd2 Bf8 {LiveBook: 4 Games} 10. Nf1 Nbd7 11. h3 a5 12. Ng3 d5 $146 ({Predecessor:} 12... g6 13. d4 Bg7 14. Bc2 Qc7 {½-½ (97) Colson,A (2208)-Glod,P (2168) France 2006}) 13. exd5 cxd5 14. Ba4 Qc7 15. Be3 b6 {[%cal Bb7b6,Bb6b5,Bb5b4][%mdl 32]} 16. Qc1 Bb7 17. d4 Bc6 18. Bc2 e4 19. Nh4 b5 20. Ngf5 Re6 21. Bd1 b4 22. Bf4 Qd8 23. Re3 Kh7 24. Rg3 Rc8 25. Be2 Bb7 26. Qd2 Nb6 27. cxb4 axb4 (27... Nc4 $1 $17 {[%cal Rc4d2]} 28. Bxc4 dxc4 29. Bxh6 (29. bxa5 Nh5 $15) 29... gxh6 30. bxa5 e3 31. Rxe3 Rxe3 32. Qxe3 Qxa5) 28. b3 (28. Nxg7 $1 $15 Bxg7 29. Be5 (29. Nf5 Bf8 $17)) 28... Qe8 ({Better is} 28... e3 $17 29. Rxe3 Ne4 30. Rxe4 dxe4) 29. Nxg7 (29. Nd6 $5 Rxd6 30. Bxd6 Bxd6 31. Rxg7+ $1 {[%mdl 512]} Kxg7 32. Nf5+ Kg6 33. Nxd6 $11) 29... Bxg7 30. Nf5 (30. Rxg7+ $15 Kxg7 31. Nf5+ Kh7 32. Nd6 Rxd6 33. Bxd6) 30... Bf8 $19 31. Bxh6 Ng8 $2 (31... e3 $1 $17 {[%cal Re3d2] stays on course.} 32. Rxe3 (32. Bxe3 $2 Ne4 $19) 32... Bxh6 33. Nxh6 Rxe3) 32. Bxf8 $40 {[%mdl 128] Black is in trouble.} Qxf8 {[#]} 33. Rg5 $1 Rg6 34. Rh5+ Nh6 35. Bg4 Rcc6 36. Rc1 Rxc1+ 37. Qxc1 {Nxh6 is the strong threat.} Bc8 38. Qc7 Bxf5 $2 (38... Bd7 39. Nxh6 Rxh6) 39. Bxf5 {White is clearly winning.} Kg7 40. Bxg6 Kxg6 41. g4 ({Inferior is} 41. Qxb6+ Kxh5 42. Qc6 Qd8 $15) 41... Nc8 42. Rxd5 {Precision: White = 42%, Black = 44%.} 1-0

[Event "12th SRB-ch Men 2018"]
[Site "Novi Sad"]
[Date "2018.03.14"]
[Round "9"]
[White "Djordjevic, Vuk"]
[Black "Damljanovic, Branko"]
[Result "1/2-1/2"]
[WhiteElo "2372"]
[BlackElo "2522"]
[Annotator "TA"]
[PlyCount "112"]
[EventDate "2018.??.??"]
[EventType "tourn"]
[EventCountry "SRB"]
[SourceTitle "playchess.com"]
[Source "ChessBase"]
[SourceQuality "1"]

{[%evp 17,112,62,75,22,60,42,48,44,48,55,56,52,50,38,27,27,89,32,45,43,50,49,37,16,25,14,38,0,0,0,12,13,6,10,11,11,15,9,14,-21,-22,-48,-37,-38,-38,-50,-47,-43,-54,-71,-29,-55,-55,-79,-79,-79,-79,-79,-79,-79,-79,-79,-47,-47,-47,-47,0,-68,-42,-29,-42,-35,-38,-39,-53,-64,0,0,0,0,0,0,0,0,0,0,0,0,0,0,0,0,0,0,0,0,0]} 1. d4 c5 2. d5 Nf6 3. c4 g6 4. Nc3 Bg7 5. e4 d6 6. Nf3 O-O 7. h3 e6 8. Bd3 Na6 9. O-O Nc7 {LiveBook: 306 Games} 10. Bd2 {E90: King's Indian: Classical: Early deviations and 6 h3} (10. Qb3 $16) 10... Rb8 $146 ({Predecessor:} 10... exd5 11. exd5 b5 12. Nxb5 Nxb5 13. cxb5 Bb7 14. Bc4 Nxd5 15. Bh6 Nb6 16. Bxg7 Kxg7 17. Be2 Qf6 {0-1 (34) Kurbedinov,R (2327)-Kryakvin,D (2547) Kolomna 2016}) 11. a4 e5 12. Nb5 {White is slightly better.} Ra8 13. Nxc7 (13. Bb1 {is more complex.} Na6 14. Re1 Nb4 15. a5 a6 16. Nc3) 13... Qxc7 14. a5 Nd7 15. Qc2 Nb8 16. b4 Nd7 (16... cxb4 $11 17. c5 (17. Bxb4 Na6 $11) 17... Na6) 17. Ra3 ({White should play} 17. b5 $16) 17... cxb4 $14 18. Bxb4 Nc5 19. Bxc5 Qxc5 20. Qb2 Bh6 21. Rb1 Rb8 22. Qb4 Qxb4 23. Rxb4 f6 24. Ra2 Rf7 25. Nd2 Rc7 26. Nb1 Bd7 27. Nc3 f5 28. exf5 (28. h4 {keeps more tension.} Kf7 29. Rc2 Bf8 30. g3 Be7 31. Rcb2) 28... gxf5 29. Nb5 Bxb5 $1 30. Rxb5 e4 31. Be2 Bg7 32. Rb3 Bd4 33. Kf1 Bc5 34. Rg3+ Rg7 35. Rxg7+ Kxg7 $15 {[%mdl 4096] Endgame KRB-KRB} 36. f4 Kg6 37. Rb2 h5 38. h4 Be3 39. g3 Bc5 40. Bd1 Bd4 41. Rb1 Rc8 42. Be2 (42. Rxb7 $11 Rxc4 43. Re7) 42... Rc5 43. Rxb7 Rxa5 44. Re7 {White wants to play Re6+.} Ra1+ 45. Kg2 {With the idea Re6+.} Ra2 46. Kf1 Bc5 ({Black should try} 46... a5 $1 $15) 47. Re6+ $11 {The position is equal.} Kg7 48. Bxh5 a5 {[#] And now ...a4 would win.} 49. Bg6 Rf2+ 50. Ke1 e3 {...a4 is the strong threat.} 51. h5 $1 ({Much weaker is} 51. Bxf5 Bb4+ 52. Kd1 Rd2+ 53. Kc1 e2 $17) 51... Bb4+ 52. Kd1 Rd2+ 53. Kc1 e2 {[#] Strongly threatening ...Rd1+.} 54. Re7+ Kf8 55. Re8+ Kg7 56. Re7+ Kf8 {Precision: White = 54%, Black = 71%.} 1/2-1/2